000
00332 a2200157 4500
001
161917
020
_a
84-87099-31-9
040
_c
Magnum
100
_a
Miguel, Lourdes
240
1
0
_a
Poderoso caballero
_l
ESP
245
1
0
_a
Poderoso caballero
300
_a
58
362
0
_a
1995
697
_a
LITERATURA ESPANHOLA
942
_c
BK
999
_c
161917
_d
161917